000 00342pam a2200157a 44500
008 230515b2011 xxu||||| |||| 00| 0 eng d
020 _aNULL
041 _aENGLISH
082 _a617./ GEO
100 _aGEORGE
245 _aP.G. DENTAL EXAMINATION REVIEW
250 _a2
260 _a
_bCBS PUB
_c2011
300 _a674
650 _aNULL
999 _c563477
_d563477